1982 año interamericano de las artesanias (Record no. 10987)

MARC details
000 -CABECERA
campo de control de longitud fija 00947nam a22002417a 4500
001 - NÚMERO DE CONTROL
campo de control BRCA_9365
003 - IDENTIFICADOR DEL NÚMERO DE CONTROL
campo de control FranzMayer
005 - FECHA Y HORA DE LA ÚLTIMA TRANSACCIÓN
campo de control 20230918123315.0
008 - DATOS DE LONGITUD FIJA--INFORMACIÓN GENERAL
campo de control de longitud fija 230828b |||||||| |||| 00| 0 eng d
020 ## - NÚMERO INTERNACIONAL ESTÁNDAR DEL LIBRO
Número Internacional Estándar del Libro 9686661042
040 ## - FUENTE DE LA CATALOGACIÓN
Centro catalogador/agencia de origen MFM
Lengua de catalogación español
Centro/agencia transcriptor MFM
050 0# - SIGNATURA TOPOGRÁFICA DE LA BIBLIOTECA DEL CONGRESO
Número de clasificación NK493.M6
Número de documento/Ítem S34 1982
100 1# - ENTRADA PRINCIPAL--NOMBRE DE PERSONA
Código de función/relación Autor
Nombre de persona Scheffler, Lilian
9 (RLIN) 29357
240 ## - TÍTULO UNIFORME
Título uniforme 1982 año interamericano de las artesanias
Medio Juguetes y miniaturas populares de México
Lenguaje de la obra Español
245 0# - MENCIÓN DE TÍTULO
Título 1982 año interamericano de las artesanias
Resto del título Juguetes y miniaturas populares de México
260 ## - PUBLICACIÓN, DISTRIBUCIÓN, ETC.
Lugar de publicación, distribución, etc. CDMX, México
Nombre del editor, distribuidor, etc. FONART
Fecha de publicación, distribución, etc. 1982
300 ## - DESCRIPCIÓN FÍSICA
Extensión 39 p
Otras características físicas Ilustraciones
Dimensiones 22 cm
500 ## - NOTA GENERAL
Nota general Anexo 1
505 ## - NOTA DE CONTENIDO CON FORMATO
Nota de contenido con formato Texto en. españolIncluye índice temáticoIncluye bibliografíaDirigido a: artistas y artesanos mexicanos
650 1# - PUNTO DE ACCESO ADICIONAL DE MATERIA--TÉRMINO DE MATERIA
Fuente del encabezamiento o término Artes decorativas
Término de materia o nombre geográfico como elemento de entrada Artes populares
Subdivisión de forma Artes mexicanas
9 (RLIN) 29358
651 2# - PUNTO DE ACCESO ADICIONAL DE MATERIA--NOMBRE GEOGRÁFICO
Fuente del encabezamiento o término Juguetes
Nombre geográfico Miniaturas
Subdivisión de forma Juguetes mexicanos
9 (RLIN) 29359
942 ## - ELEMENTOS DE PUNTO DE ACCESO ADICIONAL (KOHA)
Fuente del sistema de clasificación o colocación Library of Congress Classification
Tipo de ítem Koha Hemerográfico
Holdings
Estado de retiro Estado de pérdida Fuente del sistema de clasificación o colocación Estado dañado No para préstamo Código de colección Localización permanente Ubicación/localización actual Fecha de adquisición Total de préstamos Signatura topográfica completa Código de barras Fecha visto por última vez Precio válido a partir de Tipo de ítem Koha
El ejemplar forma parte de la colección y puede ser consultado según las políticas vigentes.   Library of Congress Classification     Fondo Contemporáneo Biblioteca del Museo Franz Mayer (Rogerio Casas-Alatriste) Biblioteca del Museo Franz Mayer (Rogerio Casas-Alatriste) 28/08/2023   NK493.M6 S34 1982 CONT10133 28/08/2023 28/08/2023 Hemerográfico